[Event "Linares"]
[Site "Linares"]
[Date "1991.??.??"]
[Round "11"]
[White "Speelman, Jonathan S"]
[Black "Ehlvest, Jaan"]
[Result "1-0"]
[WhiteElo "2610"]
[BlackElo "2650"]

1.d4 Nf6 2.c4 e6 3.Nc3 Bb4 4.e3 O-O 5.Bd3 d5 6.Nf3 b6 7.a3 Bxc3+ 8.bxc3 Ba6
9.cxd5 Bxd3 10.Qxd3 Qxd5 11.O-O c5 12.Re1 Qe4 13.Qe2 Rc8 14.Bb2 Nbd7 15.Rac1 h6
16.Nd2 Qb7 17.e4 cxd4 18.cxd4 Rxc1 19.Rxc1 Rc8 20.Rxc8+ Qxc8 21.Qd3 Qc6 22.f3 Ne8
23.Qc4 Qxc4 24.Nxc4 f5 25.Kf2 fxe4 26.fxe4 b5 27.Na5 Nd6 28.Kf3 a6 29.Bc3 Nb6
30.Bb4 Nbc4 31.e5 Nf5 32.Nxc4 bxc4 33.Ke4 h5 34.d5 Kf7 35.d6 Ke8 36.Bd2 Kd7
37.g3 Kc6 38.Bf4 Kd7 39.h3 Kc6 40.a4 Kd7 41.g4 hxg4 42.hxg4 Nh4 43.Bg3 Ng6
44.Kd4 Kc6 45.Kxc4 Nh8 46.Kd4 Nf7 47.Bh4 Nh6 48.Bg5 Nxg4 49.Be3 Nh2 50.Ke4 Ng4
51.a5 Kd7 52.Bf4 Nf2+ 53.Ke3 Nd1+ 54.Kd4 Kc6 55.Be3 g5 56.Bxg5 Nb2 57.Be3 Na4
58.Kc4 Nb2+ 59.Kc3 Nd1+ 60.Kd4  1-0

[Event "Linares"]
[Site "Linares"]
[Date "1991.??.??"]
[Round "13"]
[White "Speelman, Jonathan S"]
[Black "Ljubojevic, Ljubomir"]
[Result "1/2-1/2"]
[WhiteElo "2610"]
[BlackElo "2590"]

1.d4 Nf6 2.c4 e6 3.Nc3 Bb4 4.e3 O-O 5.Bd3 d5 6.Nf3 c5 7.O-O Nc6 8.a3 cxd4
9.cxd5 exd5 10.axb4 dxc3 11.b5 Nb4 12.Be2 Ne4 13.Qb3 cxb2 14.Bxb2 a5 15.bxa6 Nxa6
16.Qd1 Bg4 17.h3 Bh5 18.Ra4 f6 19.Qd4 Rc8 20.Rd1 Nac5 21.Rb4 Bf7 22.Nd2 Re8
23.Bg4 Rc6 24.Nxe4 Rxe4 25.Qd2 Rxb4 26.Qxb4 Qb6 27.Qxb6 Rxb6 28.Bd4 Rc6 29.Ra1 h5
30.Bf3 Ne4 31.h4 Kh7 32.Be2 Nd6 33.Ra8 Nf5 34.Bd3 Bg6 35.Bxf5 Bxf5 36.f3 Kg6
37.Rd8 Be6 38.Kf2 Rc2+ 39.Kg3 Kf7 40.Rb8 Bc8 41.Kf4 Be6 42.g4  1/2-1/2

[Event "Lloyds Bank op"]
[Site "London"]
[Date "1991.??.??"]
[Round "2"]
[White "Suetin, Alexey S"]
[Black "Speelman, Jonathan S"]
[Result "0-1"]
[WhiteElo "2405"]
[BlackElo "2630"]

1.e4 e6 2.d4 d5 3.Nc3 dxe4 4.Nxe4 Nd7 5.Nf3 Ngf6 6.Nxf6+ Nxf6 7.Bd3 c5 8.O-O cxd4
9.Nxd4 Bc5 10.Nb3 Bd6 11.Bg5 h6 12.Bh4 Qc7 13.Bg3 Bxg3 14.hxg3 O-O 15.Qe2 e5
16.Nd2 Bg4 17.f3 Bd7 18.Qf2 Rfd8 19.Rfe1 Ba4 20.Ne4 Nxe4 21.Rxe4 Bc6 22.Re2 Re8
23.Rae1 Qa5 24.a3 Rad8 25.g4 g6 26.Kh2 Kg7 27.Qg3 f6 28.Re3 Qc7 29.Kh1 Rd4
30.c3 Rdd8 31.Qf2 g5 32.Qe2 Rh8 33.Kg1 Qb6 34.Bf5 Rd6 35.Qf2 Bb5 36.b3 Bd7
37.c4 h5 38.b4 Qd8 39.Qc2 hxg4 40.fxg4 Rd4 41.c5 Rh4 42.Qc3 Bxf5 43.gxf5 Qh8
44.Rh3 Rxh3 45.Qxh3 Rh4 46.Qg3 Kf8 47.b5 Qh7 48.c6 bxc6 49.bxc6 Rh1+ 50.Kf2 Qxf5+  0-1

[Event "Lloyds Bank op"]
[Site "London"]
[Date "1991.??.??"]
[Round "3"]
[White "Speelman, Jonathan S"]
[Black "Bagirov, Vladimir"]
[Result "1/2-1/2"]
[WhiteElo "2630"]
[BlackElo "2485"]

1.c4 e6 2.Nc3 d5 3.d4 c6 4.e3 Nf6 5.Nf3 Nbd7 6.Qc2 Bd6 7.Bd2 O-O 8.h3 Re8
9.a3 e5 10.cxd5 cxd5 11.Nb5 Bb8 12.Rc1 e4 13.Ng1 Nf8 14.Nc7 Bxc7 15.Qxc7 Qxc7
16.Rxc7 Ne6 17.Rc1 Bd7 18.Ne2 Bb5 19.Nc3 Bxf1 20.Kxf1 Rac8 21.Ke2 a6 22.Na4 Nd7
23.Rxc8 Rxc8 24.Nc3 Nb6 25.b3 f5 26.a4 Rd8 27.Rc1 Kf7 28.f3 exf3+ 29.gxf3 f4
30.Kd3 fxe3 31.Bxe3 Na8 32.Ne2 Nac7 33.f4 Rd7 34.f5 Nd8 35.Ng1 Ne8 36.Nf3 Rc7
37.Re1 Nf6 38.Bf4 Re7 39.Ne5+ Kf8 40.Rc1 Nf7 41.Rc5 Ne4 42.Rxd5 Nf2+ 43.Ke2 Nxh3
44.Bd2 Rc7 45.Ke3 Ke8 46.Ba5 b6 47.Bxb6 Rc3+ 48.Kd2 Rxb3 49.a5 Nf4 50.Rc5 Nd6
51.Rc7 Nd5 52.Rxg7 Nxf5 53.Rb7 Nxb6 54.axb6 Nxd4 55.Nc4 Kd8 56.Rxh7 Nc6 57.Rh6 Ne7
58.Na5 Rb5 59.b7 Kc7 60.Rh8 Nc6 61.Rc8+ Kd7 62.Rxc6 Rxb7 63.Rxa6  1/2-1/2

[Event "Candidats m1"]
[Site "London"]
[Date "1991.??.??"]
[Round "5"]
[White "Speelman, Jonathan S"]
[Black "Short, Nigel D"]
[Result "1-0"]
[WhiteElo "2610"]
[BlackElo "2635"]

1.d4 e6 2.c4 f5 3.g3 Nf6 4.Bg2 Be7 5.Nf3 d5 6.O-O O-O 7.Qc2 Bd7 8.b3 a5 9.Ba3 c6
10.Bxe7 Qxe7 11.Ne5 Be8 12.Nd3 Bh5 13.Nf4 g5 14.Nxh5 Nxh5 15.Nd2 Nd7 16.a3 Nhf6
17.Qc3 Nb6 18.Rab1 Rf7 19.b4 axb4 20.axb4 Ne4 21.Bxe4 fxe4 22.b5 Ra3 23.Rb3 Rxb3
24.Qxb3 c5 25.Qe3 Nd7 26.dxc5 Nxc5 27.Qd4 Rf5 28.Ra1 Kf7 29.Ra8 Nd7 30.Ra7 Nf6
31.Qb6 Kg6 32.Qxb7 Qc5 33.Qf7+ Kh6 34.e3 Qb4 35.g4 Nxg4 36.Qxh7+  1-0

[Event "Lloyds Bank op"]
[Site "London"]
[Date "1991.??.??"]
[Round "5"]
[White "Speelman, Jonathan S"]
[Black "Zoler, Dan"]
[Result "1-0"]
[WhiteElo "2630"]
[BlackElo "2355"]

1.d4 Nf6 2.c4 g6 3.Nc3 d5 4.cxd5 Nxd5 5.e4 Nxc3 6.bxc3 Bg7 7.Be3 c5 8.Qd2 O-O
9.Rc1 Nd7 10.Bc4 Rb8 11.Nf3 b5 12.Bd3 c4 13.Bb1 Qc7 14.Bh6 e5 15.h4 Bxh6
16.Qxh6 f6 17.Qe3 Rf7 18.h5 Bb7 19.hxg6 hxg6 20.Qh6 Rg7 21.dxe5 Nxe5 22.Nxe5 Qxe5
23.f4 Qe8 24.e5 fxe5 25.f5 e4 26.Rd1 gxf5 27.Rd6 Qe5 28.Qh8+ Kf7 29.Qxb8 Qg3+
30.Kd1 Qg4+ 31.Kc1 Qg5+ 32.Kb2 Qxg2+ 33.Bc2 Qxh1 34.Qxb7+ Kg8 35.Qc8+  1-0

[Event "Lloyds Bank op"]
[Site "London"]
[Date "1991.??.??"]
[Round "7"]
[White "Speelman, Jonathan S"]
[Black "Novikov, Igor A"]
[Result "1-0"]
[WhiteElo "2630"]
[BlackElo "2550"]

1.c4 e6 2.Nf3 d5 3.b3 Be7 4.Bb2 Bf6 5.Nc3 Ne7 6.Qc2 O-O 7.h4 c5 8.Ng5 g6
9.Na4 Bxb2 10.Qxb2 f6 11.Nf3 b6 12.e3 Nbc6 13.cxd5 Nxd5 14.Nc3 Nxc3 15.Qxc3 Qd6
16.Rd1 e5 17.h5 g5 18.h6 Be6 19.Bc4 Rad8 20.O-O Rf7 21.Bb5 Bd5 22.Nh2 f5
23.d3 Qxh6 24.Bxc6 Bxc6 25.Qxe5 Qd6 26.Qa1 Rf6 27.Rfe1 Rh6 28.Nf1 Qg6 29.Qe5 f4
30.e4 Re8 31.Qc7 Rf8 32.f3 g4 33.fxg4 Qxg4 34.Nh2 Qg3 35.Nf3 Rg6 36.Rd2 Bb5
37.Rf2 Bxd3 38.Qxa7 Bb5 39.a4 Bc6 40.a5 Ra8 41.Qc7 Rf8 42.axb6 Rf7 43.b7 Bxb7
44.Qb8+ Kg7 45.Rd1 Re7 46.Qd8 Rge6 47.Rd7 Kf7 48.Rxb7  1-0

[Event "Lloyds Bank op"]
[Site "London"]
[Date "1991.??.??"]
[Round "8"]
[White "Shirov, Alexei"]
[Black "Speelman, Jonathan S"]
[Result "1-0"]
[WhiteElo "2610"]
[BlackElo "2630"]

1.d4 d6 2.e4 Nf6 3.Bd3 e5 4.c3 Nc6 5.Nf3 Be7 6.d5 Nb8 7.c4 O-O 8.Nc3 Nbd7
9.Bc2 Nh5 10.h3 c6 11.Nxe5 Nxe5 12.Qxh5 Nxc4 13.O-O Re8 14.Rd1 Bf6 15.Qe2 Nb6
16.dxc6 bxc6 17.Qd3 g6 18.Qxd6 Qxd6 19.Rxd6 Be5 20.Rd1 f5 21.Bb3+ Be6 22.exf5 gxf5
23.Be3 Nc4 24.Bxc4 Bxc4 25.Bd4 Bc7 26.b3 Bf7 27.Kf1 f4 28.f3 Bg6 29.Rac1 Re7
30.Bc5 Re6 31.Rd7 Be5 32.Re1 Bf5 33.Na4 Ree8 34.Rxa7 Bd3+ 35.Kf2 Rad8 36.Nb6 Bf6
37.Rxe8+ Rxe8 38.Ra8 Bd8 39.Kg1 Kf7 40.Ra7+ Kg6 41.Bf2 Re1+ 42.Bxe1 Bxb6+
43.Bf2 Bxa7 44.Bxa7 Kf5 45.Bc5 Bb1 46.a4 Bc2 47.a5 Bd3 48.Bd6 h5 49.h4 Ba6
50.Kf2 Bb5 51.b4 Ba6 52.g3 fxg3+ 53.Bxg3 Ke6 54.Ke3 Kd5 55.Kf4 c5 56.bxc5 Kxc5
57.Kg5 Be2 58.f4 Kd6 59.f5+ Ke7 60.f6+  1-0

[Event "Paris Immopar rapid"]
[Site "Paris"]
[Date "1991.??.??"]
[Round "1"]
[White "Speelman, Jonathan S"]
[Black "Karpov, Anatoly"]
[Result "1/2-1/2"]
[WhiteElo "2630"]
[BlackElo "2730"]

1.d4 Nf6 2.c4 e6 3.Nc3 Bb4 4.e3 O-O 5.Nf3 c5 6.Bd3 d5 7.O-O dxc4 8.Bxc4 cxd4
9.exd4 b6 10.Bg5 Bb7 11.Rc1 Be7 12.Qe2 Nc6 13.Rcd1 Nb4 14.Ne5 Nbd5 15.Rd3 Nxc3
16.bxc3 Ne4 17.Bxe7 Qxe7 18.Re3 Nd6 19.Bd3 g6 20.f4 Qd8 21.Rg3 Nf5 22.Rh3 Ng7
23.Qd2 h5 24.Re1 Rc8 25.g4 hxg4 26.Nxg4 Nf5 27.d5 Kg7 28.Bxf5 exf5 29.Qd4+ f6
30.Ne3 Re8 31.Kf2 Qd7 32.Rg3 Kf7 33.Rh3 Rh8 34.Rxh8 Rxh8 35.Kg3 Re8 36.c4 Re4
37.Qd2 g5 38.Ng2 Rxc4 39.Qe2 Re4 40.Qh5+ Ke7 41.Rxe4+ fxe4 42.fxg5 fxg5 43.Qxg5+ Kd6
44.Qf6+ Kc5 45.Qc3+ Kxd5 46.Ne3+ Ke6 47.h4 Qd3 48.Qxd3 exd3 49.Kf4 d2 50.Nd1 Bd5
51.Ke3 Bxa2 52.Kxd2 Kf5  1/2-1/2

[Event "Paris Immopar rapid"]
[Site "Paris"]
[Date "1991.??.??"]
[Round "1"]
[White "Karpov, Anatoly"]
[Black "Speelman, Jonathan S"]
[Result "1-0"]
[WhiteElo "2730"]
[BlackElo "2630"]

1.e4 d6 2.d4 Nf6 3.Nc3 g6 4.Nf3 Bg7 5.Be2 O-O 6.O-O c6 7.Re1 Qc7 8.Bf4 Nbd7
9.e5 Nh5 10.exd6 exd6 11.Bg5 h6 12.Bd2 Nb6 13.Bd3 Bd7 14.a4 a5 15.h3 Rae8
16.Rxe8 Rxe8 17.Qf1 d5 18.Re1 Nf4 19.Rxe8+ Bxe8 20.Qe1 Bd7 21.Bxf4 Qxf4 22.Ne2 Qd6
23.Qxa5 Nc8 24.Qd8+ Kh7 25.Ne5 Bf5 26.Qxd6 Nxd6 27.Bxf5 Nxf5 28.Nxf7 Bf6
29.g4 Kg7 30.gxf5 Kxf7 31.fxg6+ Kxg6 32.Kg2 Kf5 33.Kf3 c5 34.dxc5 Bxb2 35.c6 bxc6
36.a5 Ba3 37.Nd4+ Ke5 38.a6  1-0

[Event "World Cup"]
[Site "Reykjavik"]
[Date "1991.??.??"]
[Round "2"]
[White "Speelman, Jonathan S"]
[Black "Khalifman, Alexander"]
[Result "1/2-1/2"]
[WhiteElo "2630"]
[BlackElo "2630"]

1.d4 Nf6 2.c4 e6 3.Nc3 Bb4 4.e3 c5 5.Ne2 cxd4 6.exd4 d5 7.c5 Ne4 8.Bd2 Nxd2
9.Qxd2 a5 10.a3 Bxc3 11.Nxc3 a4 12.Bd3 b6 13.cxb6 Qxb6 14.O-O Bd7 15.Rfe1 O-O
16.Bc2 Bc6 17.Re3 Nd7 18.Rg3 Rfc8 19.Rd1 Nf8 20.h4 Qc7 21.h5 h6 22.Re1 Kh8
23.Qd1 Qd7 24.Ne2 Bb5 25.Nc3 Bc6 26.Ne2 Bb5 27.Nc3  1/2-1/2

[Event "World Cup"]
[Site "Reykjavik"]
[Date "1991.??.??"]
[Round "10"]
[White "Speelman, Jonathan S"]
[Black "Ehlvest, Jaan"]
[Result "1-0"]
[WhiteElo "2630"]
[BlackElo "2605"]

1.d4 Nf6 2.c4 g6 3.Bg5 Ne4 4.Bf4 c5 5.Qc2 Qa5+ 6.Nd2 f5 7.Nf3 cxd4 8.Nxd4 Bg7
9.Nb3 Qa4 10.Nxe4 fxe4 11.g3 Nc6 12.Bg2 b5 13.cxb5 Nb4 14.Qd2 Bb7 15.O-O Qxb5
16.a4 Qb6 17.Be3 Qd6 18.Nc5 Qxd2 19.Bxd2 Nc2 20.Nxb7 Nxa1 21.Rxa1 d5 22.a5 Bxb2
23.Rb1 Bd4 24.e3 Bf6 25.Rb5 Kd7 26.Rxd5+  1-0

[Event "Brussels SWIFT rapid"]
[Site "Brussels"]
[Date "1992.??.??"]
[Round "?"]
[White "De Firmian, Nick E"]
[Black "Speelman, Jonathan S"]
[Result "1-0"]
[WhiteElo "2570"]
[BlackElo "2630"]

1.e4 e6 2.d4 d5 3.Nc3 dxe4 4.Nxe4 Bd7 5.Nf3 Bc6 6.Bd3 Nd7 7.O-O Ngf6 8.Ng3 Be7
9.Qe2 O-O 10.Rd1 b6 11.Ne5 Bb7 12.Bg5 a6 13.c4 Qe8 14.Bc2 h6 15.Bf4 c5 16.dxc5 Nxe5
17.Bxe5 Qc6 18.f3 Qxc5+ 19.Kh1 Rad8 20.Bc3 b5 21.cxb5 axb5 22.a3 Bd5 23.Bb4 Qc7
24.Bxe7 Qxe7 25.Qxb5 g6 26.Qe2 Kg7 27.b4 h5 28.Ne4 Bxe4 29.Bxe4 h4 30.Qb2 h3
31.gxh3 e5 32.b5 Qe6 33.b6 Nxe4 34.fxe4 Rxd1+ 35.Rxd1 Qf6 36.Qb3 Rb8 37.Rb1 Qf4
38.Qc4 Qf3+ 39.Kg1 Qe3+ 40.Kg2 Rc8 41.Qxc8 Qxe4+ 42.Kf2 Qxb1 43.b7 Qb2+ 44.Ke1 Qb1+
45.Kd2 Qb2+ 46.Kd3 Qxa3+ 47.Ke4 Qb4+ 48.Kxe5 Qb2+ 49.Kd6 Qxh2+ 50.Ke7 Qe5+
51.Kd8 Qd6+ 52.Qd7 Qb8+ 53.Qc8 Qd6+ 54.Ke8 Qe5+ 55.Kd7 Qe6+ 56.Kc7 Qe5+ 57.Kb6 Qb2+
58.Ka7 Qd4+ 59.Ka8 Qd5 60.Qc3+ f6 61.Ka7 Qd7 62.Qc4 g5 63.Kb6 Qd6+ 64.Qc6 Qb4+
65.Kc7 Qf4+ 66.Qd6 Qc4+ 67.Kd8 Qg8+ 68.Kd7 Kg6 69.b8=Q Qf7+ 70.Qe7 Qd5+ 71.Qbd6 Qb7+
72.Qc7 Qd5+ 73.Kc8  1-0

[Event "Brussels SWIFT rapid"]
[Site "Brussels"]
[Date "1992.??.??"]
[Round "?"]
[White "Bareev, Evgeny"]
[Black "Speelman, Jonathan S"]
[Result "0-1"]
[WhiteElo "2635"]
[BlackElo "2630"]

1.d4 g6 2.e4 Bg7 3.f4 c5 4.d5 d6 5.a4 Nf6 6.Bb5+ Nfd7 7.Nf3 O-O 8.O-O Na6
9.Nc3 Nb4 10.f5 Nf6 11.Ng5 h6 12.Nh3 g5 13.Nf2 e6 14.dxe6 fxe6 15.Nd3 a6
16.Bc4 d5 17.exd5 exd5 18.Nxb4 dxc4 19.Nbd5 b6 20.Nxf6+ Bxf6 21.Qh5 Bd4+
22.Kh1 Ra7 23.Qxh6 Rg7 24.Ne4 Bxf5 25.Bd2 Rg6 26.Bxg5 Rxh6 27.Bxd8 Bxe4 28.Rxf8+ Kxf8
29.c3 Be5 30.Re1 Rxh2+ 31.Kg1 Rxg2+ 32.Kf1 Rg4 33.Bxb6 Bd6 34.Re3 Ke7 35.Ke1 Ke6
36.Rh3 Rh4 37.Rxh4 Bg3+ 38.Kd2 Bxh4 39.Bxc5 Bg5+ 40.Kd1 Bc6 41.a5 Ba4+ 42.Ke2 Kd5
43.Bb4 Bf4 44.Kf3 Bd6  0-1

[Event "Brussels SWIFT blitz"]
[Site "Brussels"]
[Date "1992.??.??"]
[Round "?"]
[White "Speelman, Jonathan S"]
[Black "De Firmian, Nick E"]
[Result "1-0"]
[WhiteElo "2630"]
[BlackElo "2570"]

1.b3 c5 2.Bb2 Nc6 3.e3 d6 4.Nf3 e5 5.d4 cxd4 6.exd4 e4 7.Nfd2 d5 8.Be2 f5
9.c4 Nf6 10.Nc3 Be6 11.O-O Nxd4 12.Nxd5 Nxe2+ 13.Qxe2 Nxd5 14.cxd5 Qxd5 15.Rfd1 Qd3
16.Qh5+ g6 17.Qh4 Be7 18.Bf6 g5 19.Qxg5 Rg8 20.Qh5+ Rg6 21.Bxe7 Kxe7 22.Nc4 Qf3
23.Qxh7+ Bf7 24.Rd7+ Kxd7 25.Qxf7+ Kc8 26.Qxg6 Qd3 27.Qe8+ Kc7 28.Qxa8  1-0

[Event "Brussels SWIFT rapid"]
[Site "Brussels"]
[Date "1992.??.??"]
[Round "?"]
[White "Speelman, Jonathan S"]
[Black "De Firmian, Nick E"]
[Result "1-0"]
[WhiteElo "2630"]
[BlackElo "2570"]

1.d4 Nf6 2.c4 e6 3.Nc3 Bb4 4.e3 b6 5.Ne2 Ne4 6.a3 Qh4 7.Ng3 Bxc3+ 8.bxc3 Bb7
9.Bd3 f5 10.O-O O-O 11.Qe1 Nc6 12.f3 Nd6 13.Rb1 Ba6 14.Qe2 Na5 15.c5 Bxd3
16.Qxd3 bxc5 17.dxc5 Qc4 18.Qd4 Nc6 19.Qxc4 Nxc4 20.Rb7 Rfc8 21.Rd1 Rab8
22.Rxb8 Rxb8 23.Rxd7 Rb1 24.Ne2 N6e5 25.Rd8+ Kf7 26.Kf2 Ke7 27.Rd4 Nb2 28.Bxb2 Rxb2
29.h3 Ra2 30.f4 Nd7 31.c6 Nc5 32.g4 Rxa3 33.gxf5 exf5 34.Rd5 Ne4+ 35.Kf3 Nd6
36.Nd4 Rxc3 37.Nxf5+ Nxf5 38.Rxf5 Rxc6 39.Ra5 a6 40.h4 g6 41.h5 gxh5 42.Rxh5 h6
43.e4 Rb6 44.Ra5 Kd6 45.e5+ Ke6 46.Kg4 h5+ 47.Kg5 h4 48.f5+ Ke7 49.Ra4 h3
50.Rh4 Rb3 51.Rh7+ Kd8 52.e6 Re3 53.Kf6 Kc8 54.Rh8+ Kb7 55.e7  1-0

[Event "Brussels SWIFT blitz"]
[Site "Brussels"]
[Date "1992.??.??"]
[Round "?"]
[White "De Firmian, Nick E"]
[Black "Speelman, Jonathan S"]
[Result "0-1"]
[WhiteElo "2570"]
[BlackElo "2630"]

1.e4 c6 2.d4 d5 3.Nc3 g6 4.h3 Bg7 5.e5 c5 6.f4 cxd4 7.Qxd4 e6 8.Nf3 Nc6 9.Qf2 Nge7
10.Be3 O-O 11.g4 f6 12.exf6 Bxf6 13.O-O-O Bxc3 14.bxc3 Qa5 15.Kb2 Bd7 16.Bd3 Rac8
17.Bd2 e5 18.Qh4 e4 19.Ng5 h5 20.Be2 Nb4 21.a3 Nxc2 22.Nxe4 Qxa3+ 23.Kxc2 dxe4
24.Bc4+ Rxc4 25.Be1 Ba4+ 26.Kd2 Qb2+ 27.Ke3 Bxd1 28.Bd2 Rxc3+ 29.Kxe4 Bf3+  0-1

[Event "EU-chT (Men)"]
[Site "Debrecen"]
[Date "1992.??.??"]
[Round "2"]
[White "Pinter, Jozsef"]
[Black "Speelman, Jonathan S"]
[Result "1-0"]
[WhiteElo "2580"]
[BlackElo "2630"]

1.d4 d6 2.c4 e5 3.Nf3 e4 4.Ng5 f5 5.Nc3 c6 6.Nh3 Be7 7.g3 Nf6 8.Bg2 O-O 9.O-O Na6
10.d5 Kh8 11.Kh1 Bd7 12.f3 cxd5 13.cxd5 Qb6 14.Nf4 Rae8 15.b3 Bd8 16.Bb2 Nc5
17.Rb1 a5 18.Na4 Qa6 19.Nxc5 dxc5 20.Qc2 Qd6 21.Rbd1 b6 22.Qc4 Bc7 23.Bh3 Qe7
24.Ne6 exf3 25.exf3 Bxe6 26.dxe6 Qxe6 27.Qxe6 Rxe6 28.Bxf5 Re2 29.Bc3 Be5
30.Rfe1 Rxe1+ 31.Bxe1 Bd4 32.Bd2 Nd5 33.Be4 Nc3 34.Bxc3 Bxc3 35.Rd6 Rb8 36.a4 Bf6
37.Rc6 Kg8 38.Bd3 Bd8 39.Bb5 Kf7 40.Kg2 Bf6 41.h4 Ke7 42.f4 Rd8 43.Rxb6 Rd2+
44.Kf3 Bd4 45.Rb7+ Kd8 46.g4 Rh2 47.h5 Rh3+ 48.Ke4 Rxb3 49.Kd5 Kc8 50.Rf7 h6
51.g5 hxg5 52.fxg5 Kb8 53.Kc6 Rh3 54.Ba6 Rxh5 55.Rf8+ Ka7 56.Bb7  1-0

[Event "EU-chT (Men)"]
[Site "Debrecen"]
[Date "1992.??.??"]
[Round "6"]
[White "Speelman, Jonathan S"]
[Black "Sokolov, Ivan"]
[Result "1/2-1/2"]
[WhiteElo "2630"]
[BlackElo "2630"]

1.d4 Nf6 2.Nf3 g6 3.Bg5 Bg7 4.Nbd2 d5 5.e3 O-O 6.Bd3 c5 7.c3 Qb6 8.Rb1 Nc6
9.O-O Re8 10.b4 cxd4 11.cxd4 e5 12.Nxe5 Nxe5 13.dxe5 Rxe5 14.Bf4 Re8 15.a4 Bd7
16.Nf3 Bg4 17.a5 Bxf3 18.Qxf3  1/2-1/2

[Event "EU-chT (Men)"]
[Site "Debrecen"]
[Date "1992.??.??"]
[Round "8"]
[White "Psakhis, Lev"]
[Black "Speelman, Jonathan S"]
[Result "1/2-1/2"]
[WhiteElo "2605"]
[BlackElo "2630"]

1.e4 c6 2.d4 d5 3.Nd2 dxe4 4.Nxe4 Nd7 5.Bc4 Ngf6 6.Nxf6+ Nxf6 7.c3 Qc7 8.Qb3 e6
9.Nf3 Bd6 10.O-O b5 11.Bd3 Rb8 12.Re1 a6 13.a4  1/2-1/2

[Event "EU-chT (Men)"]
[Site "Debrecen"]
[Date "1992.??.??"]
[Round "9"]
[White "Speelman, Jonathan S"]
[Black "Akopian, Vladimir"]
[Result "1/2-1/2"]
[WhiteElo "2630"]
[BlackElo "2605"]

1.d4 Nf6 2.c4 g6 3.Nc3 Bg7 4.e4 d6 5.Nf3 O-O 6.Be2 e5 7.O-O Nc6 8.d5 Ne7
9.b4 Nh5 10.g3 f5 11.Ng5 Nf6 12.f3 c6 13.Kg2 h6 14.Ne6 Bxe6 15.dxe6 Ne8 16.Qb3 Nc7
17.c5 d5 18.exd5 cxd5 19.Rd1 Kh7 20.Bb2 d4 21.Nb5 Nxb5 22.Bxb5 Nd5 23.f4 Ne3+
24.Qxe3 dxe3 25.Rxd8 Rfxd8 26.Bxe5 Bxe5 27.fxe5 Rd5 28.Kf3 Rxe5 29.Rd1 Rxe6
30.Rd7+ Kh8 31.Rxb7 Rd8 32.Bc4 Re4 33.Be2 g5 34.h3 h5 35.c6 g4+ 36.hxg4 hxg4+
37.Kg2 Rd2 38.Kf1 Rc2 39.c7 Re8 40.Bd3 e2+ 41.Bxe2 Rcxe2 42.c8=Q  1/2-1/2

[Event "FRA-chT"]
[Site "?"]
[Date "1992.??.??"]
[Round "?"]
[White "Herb, Pascal"]
[Black "Speelman, Jonathan S"]
[Result "0-1"]
[WhiteElo "2390"]
[BlackElo "2630"]

1.d4 Nf6 2.c4 e6 3.Nf3 d5 4.Nc3 c6 5.e3 Nbd7 6.Bd3 dxc4 7.Bxc4 b5 8.Bd3 a6
9.e4 c5 10.d5 c4 11.dxe6 fxe6 12.Bc2 Qc7 13.O-O Bb7 14.e5 Nxe5 15.Nxe5 Qxe5
16.Re1 Qd6 17.Qxd6 Bxd6 18.Rxe6+ Kd7 19.Bf5 Kc7 20.Bh6 gxh6 21.Rxf6 Raf8
22.Rxf8 Rxf8 23.Bxh7 Bc5 24.Rf1 Bd4 25.Nd1 Rf7 26.Bc2 Re7 27.Ne3 Bxb2 28.Rd1 Rd7
29.Rxd7+ Kxd7 30.g4 Bf3 31.Kf1 Bf6 32.Ke1 Bg5 33.Bd1 Bc6 34.Bc2 Ke6 35.Ke2 Ke5
36.Nf5 Kf4 37.h4 Bf3+ 38.Ke1 Bxg4 39.Ne3 Bxh4 40.Nxg4 Kxg4 41.Ke2 Kf4 42.Bg6 Bg5
43.Be8 Ke4  0-1

[Event "FRA-chT"]
[Site "?"]
[Date "1992.??.??"]
[Round "?"]
[White "Boudre, Jean Pierre"]
[Black "Speelman, Jonathan S"]
[Result "0-1"]
[WhiteElo "2380"]
[BlackElo "2630"]

1.e4 e6 2.d4 d5 3.Nc3 Nf6 4.Bg5 dxe4 5.Nxe4 Nbd7 6.Nxf6+ Nxf6 7.Nf3 h6 8.Bxf6 Qxf6
9.Bd3 g6 10.c3 Bg7 11.Qe2 O-O 12.h4 Rd8 13.Qe3 c5 14.dxc5 Bd7 15.O-O-O Ba4
16.Bc2 Bxc2 17.Kxc2 Qf5+ 18.Kc1 Rac8 19.b4 b6 20.Nd4 Qd5 21.Nb3 Qc4 22.Kc2 bxc5
23.bxc5 a5 24.Rxd8+ Rxd8 25.h5 g5 26.Re1 a4 27.Nc1 Rd5 28.Qf3 Qxc5 29.g4 Rd8
30.Re4 Rc8 31.Rxa4 Bxc3 32.Nb3 Qf8 33.Kd3 Qe8 34.Qe4 Qb5+ 35.Ke3 Qf1 36.Kf3 Be1  0-1

[Event "FRA-chT"]
[Site "?"]
[Date "1992.??.??"]
[Round "?"]
[White "Kallai, Gabor"]
[Black "Speelman, Jonathan S"]
[Result "1/2-1/2"]
[WhiteElo "2455"]
[BlackElo "2630"]

1.d4 Nf6 2.c4 e6 3.Nf3 d5 4.Nc3 Nbd7 5.cxd5 exd5 6.Bf4 c6 7.e3 Nh5 8.Bg5 Be7
9.Bxe7 Qxe7 10.Bd3 Nf4 11.O-O Nxd3 12.Qxd3 Nf6 13.Ne5 O-O 14.a3 Re8 15.f3 Nd7
16.Nxd7  1/2-1/2

[Event "Hastings9293"]
[Site "Hastings"]
[Date "1992.??.??"]
[Round "2"]
[White "Polugaevsky, Lev"]
[Black "Speelman, Jonathan S"]
[Result "1/2-1/2"]
[WhiteElo "2640"]
[BlackElo "2590"]

1.g3 d5 2.Bg2 c6 3.d3 e5 4.Nf3 Bd6 5.e4 Ne7 6.Nbd2 O-O 7.O-O Nd7 8.Re1 Bc7
9.exd5 cxd5 10.b4 Ng6 11.c4 Nf6 12.Bb2 Re8 13.cxd5 Nxd5 14.a3 Bf5 15.Nc4 f6
16.d4 e4 17.Nfd2 Be6 18.Rxe4 Qd7 19.Qf3 Bf7 20.Rae1 Rxe4 21.Nxe4 Ndf4 22.Nc5 Nh3+
23.Kh1 Qg4 24.Ne3 Re8 25.Nd3 Qxf3 26.Bxf3 b6 27.Bc6 Rd8 28.Kg2 Ng5 29.f4 Ne7
30.Rc1 Ne6 31.Bf3 Bb8 32.Nf2 Nxd4 33.Rd1 Ne6 34.Rxd8+ Nxd8 35.Ne4  1/2-1/2

[Event "Hastings9293"]
[Site "Hastings"]
[Date "1992.??.??"]
[Round "4"]
[White "Sadler, Matthew"]
[Black "Speelman, Jonathan S"]
[Result "1/2-1/2"]
[WhiteElo "2515"]
[BlackElo "2590"]

1.d4 Nf6 2.c4 e6 3.Nc3 Bb4 4.e3 O-O 5.Bd3 d5 6.Nf3 b6 7.O-O Bb7 8.cxd5 exd5
9.Ne5 Nbd7 10.f4 c5 11.Bd2 Ne4 12.Nxe4 dxe4 13.Bc4 Bxd2 14.Qxd2 Nxe5 15.fxe5 Bd5
16.b3 cxd4 17.exd4 Rc8 18.Rac1 Qd7 19.Qe3 h6 20.Rfe1 Rfd8 21.Bxd5 Rxc1 22.Bxf7+ Kxf7
23.e6+ Qxe6 24.Rxc1  1/2-1/2

[Event "Hastings9293"]
[Site "Hastings"]
[Date "1992.??.??"]
[Round "7"]
[White "Nunn, John DM"]
[Black "Speelman, Jonathan S"]
[Result "1/2-1/2"]
[WhiteElo "2595"]
[BlackElo "2590"]

1.e4 c6 2.d4 d5 3.e5 Bf5 4.Nf3 e6 5.Be2 c5 6.O-O Nc6 7.c3 cxd4 8.cxd4 Nge7
9.Nc3 Nc8 10.Bg5 Be7 11.Bxe7 Qxe7 12.Na4 Bg4 13.Nc5 O-O 14.Rc1 Nb6  1/2-1/2

[Event "Hastings9293"]
[Site "Hastings"]
[Date "1992.??.??"]
[Round "9"]
[White "Speelman, Jonathan S"]
[Black "Polugaevsky, Lev"]
[Result "1-0"]
[WhiteElo "2590"]
[BlackElo "2640"]

1.d4 Nf6 2.c4 e6 3.Nc3 Bb4 4.e3 O-O 5.Nf3 b6 6.Bd3 Bb7 7.O-O d5 8.a3 Bd6
9.b3 Nbd7 10.Nb5 Be7 11.Bb2 c5 12.Re1 Ne4 13.cxd5 exd5 14.dxc5 Ndxc5 15.Bf1 a6
16.Nbd4 Bf6 17.b4 Ne6 18.Qb3 Rc8 19.Rac1 Qd7 20.Nxe6 fxe6 21.Bxf6 gxf6 22.Qb2 e5
23.Nd2 Nd6 24.g3 Rxc1 25.Rxc1 Rc8 26.Bg2 Kg7 27.h4 Rc7 28.Qa1 Nc4 29.Nxc4 Rxc4
30.Rd1 Qf5 31.Rd2 Qc8 32.Qf1 Qe6 33.Qd1 Qc8 34.Kh2 e4 35.Bh3 Qe8 36.Qg4+ Qg6
37.Qe6 b5 38.Qb6 Qf7 39.Be6 Qc7 40.Qa7 Kg6 41.Bxd5 Bxd5 42.Qxc7 Rxc7 43.Rxd5 Rc3
44.h5+ Kh6 45.Rd6 Rxa3 46.Rxf6+ Kxh5 47.Rf4 a5 48.Rxe4 axb4 49.Rxb4 Ra5 50.Kh3 Kg6
51.g4 h5 52.gxh5+ Kxh5 53.f4 Kg6 54.Kg4 Kf6 55.e4 Ke6 56.e5 Kd5 57.Kf5 Kc5
58.Rb1 b4 59.e6 b3 60.e7  1-0

[Event "Hastings9293"]
[Site "Hastings"]
[Date "1992.??.??"]
[Round "11"]
[White "Speelman, Jonathan S"]
[Black "Sadler, Matthew"]
[Result "1/2-1/2"]
[WhiteElo "2590"]
[BlackElo "2515"]

1.d4 d5 2.c4 dxc4 3.e4 Nc6 4.Nf3 Bg4 5.Bxc4 e6 6.d5 exd5 7.Bxd5 Nf6 8.O-O Be7
9.Bxc6+ bxc6 10.Qc2 O-O 11.Ne5 Bd6 12.Bf4 Re8 13.Nxc6 Qd7 14.e5 Nh5 15.Be3 Bxe5
16.Nxe5 Rxe5 17.Nd2 Nf6 18.Nc4 Rd5 19.f3 Bf5 20.Qf2 Bd3 21.Rfc1 Re8 22.b3 Rf5
23.Rd1 Ng4 24.Qf1 Rd5 25.Rxd3 Rxd3 26.fxg4 Rdxe3  1/2-1/2

[Event "Hastings9293"]
[Site "Hastings"]
[Date "1992.??.??"]
[Round "12"]
[White "Crouch, Colin S"]
[Black "Speelman, Jonathan S"]
[Result "1/2-1/2"]
[WhiteElo "2425"]
[BlackElo "2590"]

1.d4 Nf6 2.c4 e6 3.Nc3 Bb4 4.Qc2 O-O 5.Nf3 c5 6.dxc5 Na6 7.g3 Nxc5 8.Bg2 b6
9.O-O Bb7 10.Bf4 Nce4 11.Nxe4 Bxe4 12.Qa4 Be7 13.Rfd1 Qc8 14.Ne5 Bxg2 15.Kxg2 Rd8
16.Bg5 a6 17.Bxf6 b5 18.cxb5 Bxf6 19.Nf3 Bxb2 20.Rab1 axb5 21.Qxb5 Bf6 22.a4 Qc2
23.a5 Qa2 24.Ne5 Bxe5 25.Qxe5 Rxa5 26.Rxd7 Rf8 27.Rb2 Rxe5  1/2-1/2

[Event "Hastings9293"]
[Site "Hastings"]
[Date "1992.??.??"]
[Round "14"]
[White "Speelman, Jonathan S"]
[Black "Nunn, John DM"]
[Result "1/2-1/2"]
[WhiteElo "2590"]
[BlackElo "2595"]

1.d4 Nf6 2.Nf3 g6 3.Bg5 Bg7 4.Nbd2 O-O 5.e3 d5 6.Bd3 c5 7.c3 cxd4 8.cxd4 Nc6
9.O-O Bf5 10.Bxf5 gxf5 11.Qb3 Qb6 12.Bxf6 Qxb3 13.Nxb3 Bxf6 14.Rfc1 Rfc8
15.Kf1  1/2-1/2

[Event "Lloyds Bank op"]
[Site "London"]
[Date "1992.??.??"]
[Round "?"]
[White "Speelman, Jonathan S"]
[Black "Timoshchenko, Gennadi A"]
[Result "1/2-1/2"]
[WhiteElo "2590"]
[BlackElo "2515"]

1.d4 Nf6 2.c4 g6 3.Nc3 Bg7 4.e4 d6 5.Nf3 O-O 6.Be2 e5 7.d5 a5 8.Bg5 h6 9.Bh4 Na6
10.Nd2 Qe8 11.a3 Bd7 12.b3 Nh7 13.Rb1 h5 14.f3 Bh6 15.O-O Be3+ 16.Bf2 Bc5
17.Bxc5 Nxc5 18.Qc2 Qe7 19.b4 axb4 20.axb4 Na4 21.Nd1 h4 22.Nf2 Nf6 23.Nd3 Nh5
24.c5 Qg5 25.Rf2 Bb5 26.Nc4 Bxc4 27.Qxc4 Qe3 28.Bf1 b5 29.Qc1 Qd4 30.Rb3 Ng3
31.Ra3 dxc5 32.bxc5 Nxf1 33.Kxf1 Nxc5 34.Rd2 Rxa3 35.Qxa3 Nxd3 36.Qxd3 Qb4
37.Rd1 Rb8 38.Rc1 Rb7 39.Qe3 Kg7 40.Qg5 Qb2 41.Rc6  1/2-1/2